[Event "GER-ch U12"]
[Site "Willingen"]
[Date "2005.05.19"]
[Round "8"]
[White "Vyelina, Valeriya"]
[Black "Thiele, Eileen"]
[Result "1-0"]
[WhiteElo "885"]
[BlackElo "929"]
[PlyCount "77"]
[EventDate "2005.05.14"]
[EventType "swiss"]
[EventRounds "11"]
[EventCountry "GER"]
[SourceTitle "CBM 106 Extra"]
[Source "ChessBase"]
[SourceDate "2005.07.01"]
[SourceVersion "1"]
[SourceVersionDate "2005.07.01"]
[SourceQuality "1"]

1. e4 e5 2. Nf3 Nc6 3. Nc3 Nf6 4. Bb5 Bb4 5. 0-0 Qe7 6. Nd5 Nxd5 7. exd5 a6 8. Bc4 Na5 9. Bb3 0-0 10. c3 Nxb3 11. Qxb3 Ba5 12. d4 exd4 13. Nxd4 d6 14. Qc2 Bb6 15. Nf3 h6 16. Bd2 Qf6 17. Rfe1 Bf5 18. Qd1 Bg4 19. Be3 Ba7 20. Bxa7 Rxa7 21. Re3 Raa8 22. Qd3 Rfe8 23. Rae1 Rxe3 24. Rxe3 Bf5 25. Qe2 Qd8 26. Nd4 Bg6 27. f4 f5 28. g4 Qd7 29. Re7 Qc8 30. Qe6+ Qxe6 31. Nxe6 fxg4 32. Rxg7+ Kh8 33. Rxg6 h5 34. Rh6+ Kg8 35. Rxh5 c6 36. c4 Rc8 37. dxc6 Rxc6 38. Rg5+ Kf7 39. Nd8+ 1-0

[Event "GER-ch U12"]
[Site "Willingen"]
[Date "2005.05.16"]
[Round "4"]
[White "Mytyukova, Yevgeniya"]
[Black "Thiele, Eileen"]
[Result "1-0"]
[WhiteElo "1201"]
[BlackElo "929"]
[PlyCount "119"]
[EventDate "2005.05.14"]
[EventType "swiss"]
[EventRounds "11"]
[EventCountry "GER"]
[SourceTitle "CBM 106 Extra"]
[Source "ChessBase"]
[SourceDate "2005.07.01"]
[SourceVersion "1"]
[SourceVersionDate "2005.07.01"]
[SourceQuality "1"]

1. e4 e5 2. Nf3 Nc6 3. Bc4 Bc5 4. d3 d6 5. h3 h6 6. Nc3 Nf6 7. 0-0 0-0 8. Re1 Be6 9. Bb3 Re8 10. Ne2 Ne7 11. Ng3 Ng6 12. Nh2 Nf4 13. Qf3 Ng6 14. Nh5 Nxh5 15. Qxh5 Qf6 16. Qf3 Qxf3 17. Nxf3 c6 18. a3 Rad8 19. c4 b5 20. Rd1 a5 21. Ba2 Ne7 22. Ne1 Bb6 23. Nc2 bxc4 24. dxc4 d5 25. exd5 cxd5 26. cxd5 Nxd5 27. Re1 Bf5 28. Ne3 Nf4 29. Kh1 Bd7 30. b4 axb4 31. axb4 Nd3 32. Re2 Nxb4 33. Rb2 Bc5 34. Kg1 Nd3 35. Rb7 Be6 36. Bd2 Bxa2 37. Rxa2 Re7 38. Rxe7 Bxe7 39. Bc3 e4 40. Ra4 Nc5 41. Rc4 Re8 42. Nf5 Nd7 43. Rxe4 Nc5 44. Rxe7 Rd8 45. Bxg7 Rd1+ 46. Kh2 Rd8 47. Bxh6 Ne6 48. Be3 Kf8 49. Rb7 Kg8 50. Nh6+ Kg7 51. Rxf7+ Kh8 52. Bc1 Rg8 53. Nxg8 Kxg8 54. Ra7 Kf8 55. g4 Kg8 56. h4 Kh8 57. g5 Kg8 58. g6 Ng7 59. Bb2 Kf8 60. Bxg7+ 1-0

[Event "GER-ch U10"]
[Site "Willingen"]
[Date "2003.06.09"]
[Round "3"]
[White "Schaetz, Annika"]
[Black "Thiele, Eileen"]
[Result "0-1"]
[WhiteElo "1037"]
[BlackElo "695"]
[PlyCount "80"]
[EventDate "2003.06.08"]
[EventType "swiss"]
[EventRounds "11"]
[EventCountry "GER"]
[SourceTitle "CBM 094 Extra"]
[Source "ChessBase"]
[SourceDate "2003.07.09"]
[SourceVersion "2"]
[SourceVersionDate "2003.07.09"]
[SourceQuality "1"]

1. e4 e5 2. Nf3 Nc6 3. Bc4 Bc5 4. b4 Bb6 5. 0-0 d6 6. c3 Nf6 7. d4 exd4 8. cxd4 Nxe4 9. Re1 d5 10. Bd3 Bf5 11. Nc3 Nxd4 12. Bxe4 dxe4 13. Nxe4 0-0 14. Ng3 Bg4 15. Bb2 Nxf3+ 16. gxf3 Qxd1 17. Raxd1 Bxf3 18. Rd3 Bc6 19. Nf5 Rfe8 20. Ne7+ Kh8 21. Rdd1 Rad8 22. Rxd8 Rxd8 23. Nxc6 bxc6 24. a4 a5 25. bxa5 Bxa5 26. Re2 h6 27. Re3 Rd5 28. Re8+ Kh7 29. Re7 f6 30. Bxf6 Kg6 31. Bxg7 Rg5+ 32. Kf1 Rc5 33. Kg2 Rg5+ 34. Kf3 Rf5+ 35. Kg4 Rg5+ 36. Kf4 Rf5+ 37. Ke4 Rxf2 38. Ke5 Re2+ 39. Kf4 Rxe7 40. Bb2 Rf7+ 0-1